Sports Quiz

Random Sports Quiz
Score 0/10 Timer 07:00
0 Plays Today
hint answer % Correct
shicr sohbChris Bosh
92.6%
mijym nojshnoJimmy Johnson
91.2%
marla doomLamar Odom
85.3%
ayr wisleRay Lewis
83.8%
shjo limhatnoJosh Hamilton
82.4%
nwaey kzgyertWayne Gretzky
82.4%
mrelcao yonahtnCarmelo Anthony
80.9%
pehcipr nejsoChipper Jones
75%
itro urhnetTori Hunter
51.5%
rnerda pahrsreDarren Sharper
47.1%
Remove Ads.
Support Sporcle.
Get the best of Sporcle when you Go Orange. This ad-free experience offers more features, more stats, and more fun while also helping to support Sporcle. Thank you for becoming a member.

You're not logged in!

Compare scores with friends on all Sporcle quizzes.
OR
Log In

Show Comments

Extras

Created Nov 5, 2010ReportNominate
Tags:anagrams, Athletes

Top Quizzes Today


Score Distribution

Your Account Isn't Verified!

In order to create a playlist on Sporcle, you need to verify the email address you used during registration. Go to your Sporcle Settings to finish the process.

Report this User

Report this user for behavior that violates our Community Guidelines.

Details: